| 000 | 00726nam a22002297a 4500 | ||
|---|---|---|---|
| 999 |
_c10366 _d10366 |
||
| 001 | 10366 | ||
| 003 | BD-JhCC | ||
| 005 | 20180522125338.0 | ||
| 008 | 180424b20152001bg ||||| ||a| 00| 0 eng d | ||
| 020 | _a9844950624 | ||
| 035 | _a(BD-JhCC)10366 | ||
| 040 |
_aBD-JhCC _dBD-JhCC |
||
| 041 | _aeng | ||
| 082 |
_a891.4435 _bMUK 2015 |
||
| 245 |
_aমুক্তিযুদ্ধের নির্বাচিত গল্প / _cইমদাদুল হক মিলন, |
||
| 260 |
_aঢাকা : _bপার্ল পাবলিকেশন্স, _c2015. |
||
| 300 |
_a676 p. : _c24 cm. |
||
| 650 | _aHisftorical Story | ||
| 700 | _qমিলন,ইমদাদুল হক | ||
| 942 |
_2ddc _cBK |
||